000 00495nam a2200181Ia 4500
005 20250508150416.0
008 008 250505s9999 xx 000 0 eng d
037 _aTextual
040 _aFEDL
_beng
_cFEDL
041 _aeng
_2eng
084 _a371.94, LIG
_qFEDL
100 _aLightfoot William
_9756625
245 0 _aPartially-sighted school
260 _aLondon, UK
_bChatto and Windus
_c1948
300 _a174p.
942 _cTEXL
_h371.94, LIG
999 _c1323494
_d1323494